Manual de alimentación sana / (Registro nro. 11524)

Detalles MARC
000 -LEADER
campo de control de longitud fija 03232cam a22006854i 4500
003 - IDENTIFICADOR DE NÚMERO DE CONTROL
campo de control PE-LiUPU
005 - FECHA Y HORA DE LA ÚLTIMA TRANSACCIÓN
campo de control 20250731180059.0
008 - DATOS DE LONGITUD FIJA--INFORMACIÓN GENERAL
campo de control de longitud fija 150616s r 000 0 d
020 ## - NÚMERO INTERNACIONAL ESTÁNDAR DEL LIBRO
Número Internacional Estándar del Libro 9789591325099
Información calificativa (volumen 3)
020 ## - NÚMERO INTERNACIONAL ESTÁNDAR DEL LIBRO
Número Internacional Estándar del Libro 9591325096
Información calificativa (volumen 3)
020 ## - NÚMERO INTERNACIONAL ESTÁNDAR DEL LIBRO
Número Internacional Estándar del Libro 9789591325082
Información calificativa (volumen 2)
020 ## - NÚMERO INTERNACIONAL ESTÁNDAR DEL LIBRO
Número Internacional Estándar del Libro 9591325088
Información calificativa (volumen 2)
020 ## - NÚMERO INTERNACIONAL ESTÁNDAR DEL LIBRO
Número Internacional Estándar del Libro 9789591323576
Información calificativa (volumen 1)
020 ## - NÚMERO INTERNACIONAL ESTÁNDAR DEL LIBRO
Número Internacional Estándar del Libro 9591323573
Información calificativa (volumen 1)
035 ## - NÚMERO DE CONTROL DEL SISTEMA
Número de control de sistema (Sirsi) a162565
040 ## - FUENTE DE CATALOGACIÓN
Centro catalogador/agencia de origen PE-LiUPU
Lengua de catalogación spa
Centro/agencia transcriptor PE-LiUPU
Normas de descripción rda
049 ## - FONDOS LOCALES (OCLC)
Biblioteca depositaria PRUA
082 04 - NÚMERO DE LA CLASIFICACIÓN DECIMAL DEWEY
Número de clasificación 574.1
Cutter M43
Número de edición 20
100 1# - ENTRADA PRINCIPAL--NOMBRE DE PERSONA
Nombre de persona Mercedes Leyva, Lugo,
Término indicativo de función/relación autor.
245 10 - MENCIÓN DEL TÍTULO
Título Manual de alimentación sana /
Mención de responsabilidad, etc. Lugo Mercedes Leyva [y otros cinco].
264 #1 - PRODUCCIÓN, PUBLICACIÓN, DISTRIBUCIÓN, FABRICACIÓN Y COPYRIGHT
Producción, publicación, distribución, fabricación y copyright Cuba, la Habana :
Nombre del de productor, editor, distribuidor, fabricante Pueblo y educación,
Fecha de producción, publicación, distribución, fabricación o copyright 2012.
300 ## - DESCRIPCIÓN FÍSICA
Extensión 3 volúmenes ;
Dimensiones 21 centímetros.
336 ## - TIPO DE CONTENIDO
Término de tipo de contenido text
Fuente rdacontent
337 ## - TIPO DE MEDIO
Nombre/término del tipo de medio unmediated
Fuente rdamedia
338 ## - TIPO DE SOPORTE
Nombre/término del tipo de soporte volume
Fuente rdacarrier
504 ## - NOTA DE BIBLIOGRAFÍA, ETC.
Nota de bibliografía, etc. bibliografía : página 70 (volumen 1).
504 ## - NOTA DE BIBLIOGRAFÍA, ETC.
Nota de bibliografía, etc. bibliografía : página 121 (volumen 2).
504 ## - NOTA DE BIBLIOGRAFÍA, ETC.
Nota de bibliografía, etc. bibliografía : página 141 (volumen 3).
505 0# - NOTA DE CONTENIDO CON FORMATO
Información miscelánea volumen 1.
Título Fundamentos técnico-Metodológico -- Procedimientos y normas higiénicas sanitarias para la organización y desarrollo de la alimentación.
505 0# - NOTA DE CONTENIDO CON FORMATO
Información miscelánea volumen 2.
Título Normativas para la plnificación de la dieta y la elaboración de los alimentos de los niños de 0 a 6 años -- Informaciones de uso general -- Orientaciones generales -- Cartas técnicas -- Tabla de rendimiento de los alimentos.
505 0# - NOTA DE CONTENIDO CON FORMATO
Información miscelánea volumen 3.
Título Normativas para la plnificación de la dieta y la elaboración de los alimentos de los niños de 0 a 6 años -- Cartas técnicas -- Ejemplos de menúes para niños de 1 a 6 años -- Porcionadores que se deben utilizar.
526 ## - NOTA DE INFORMACIÓN SOBRE EL PROGRAMA DE ESTUDIO
Nombre del programa Segunda Especialidad En Estadística Aplicada Para Investigación (A Distancia)
526 ## - NOTA DE INFORMACIÓN SOBRE EL PROGRAMA DE ESTUDIO
Nombre del programa Segunda Especialidad En Estadística Aplicada Para Investigación
526 ## - NOTA DE INFORMACIÓN SOBRE EL PROGRAMA DE ESTUDIO
Nombre del programa Odontología
526 ## - NOTA DE INFORMACIÓN SOBRE EL PROGRAMA DE ESTUDIO
Nombre del programa Tecnología Médica En Terapia Física Y Rehabilitación (A Distancia)
526 ## - NOTA DE INFORMACIÓN SOBRE EL PROGRAMA DE ESTUDIO
Nombre del programa Tecnología Médica En Terapia Física Y Rehabilitación (Semipresencial)
526 ## - NOTA DE INFORMACIÓN SOBRE EL PROGRAMA DE ESTUDIO
Nombre del programa Tecnología Médica En Laboratorio Clínico Y Anatomía Patológica
526 ## - NOTA DE INFORMACIÓN SOBRE EL PROGRAMA DE ESTUDIO
Nombre del programa Ingeniería De Ciencia De Datos E Inteligencia Artificial
526 ## - NOTA DE INFORMACIÓN SOBRE EL PROGRAMA DE ESTUDIO
Nombre del programa Ingeniería Ambiental (Semipresencial)
526 ## - NOTA DE INFORMACIÓN SOBRE EL PROGRAMA DE ESTUDIO
Nombre del programa Nutrición humana
526 ## - NOTA DE INFORMACIÓN SOBRE EL PROGRAMA DE ESTUDIO
Nombre del programa Medicina humana
526 ## - NOTA DE INFORMACIÓN SOBRE EL PROGRAMA DE ESTUDIO
Nombre del programa Ingeniería de industrias alimentarias
526 ## - NOTA DE INFORMACIÓN SOBRE EL PROGRAMA DE ESTUDIO
Nombre del programa Ingeniería civil
526 ## - NOTA DE INFORMACIÓN SOBRE EL PROGRAMA DE ESTUDIO
Nombre del programa Ingeniería ambiental
526 ## - NOTA DE INFORMACIÓN SOBRE EL PROGRAMA DE ESTUDIO
Nombre del programa Enfermería
526 ## - NOTA DE INFORMACIÓN SOBRE EL PROGRAMA DE ESTUDIO
Nombre del programa Educación secundaria, especialidad matemática e informática
526 ## - NOTA DE INFORMACIÓN SOBRE EL PROGRAMA DE ESTUDIO
Nombre del programa Educación secundaria, especialidad ambiental, biología y química
541 ## - NOTA DE FUENTE DE ADQUISICIÓN DIRECTA
-- 0001-000639;
596 ## -
-- 1
650 04 - PUNTO DE ACCESO ADICIONAL DE MATERIA--TÉRMINO DE MATERIA
Término de materia o nombre geográfico como elemento de entrada Nutrición
Subdivisión geográfica Cuba.
650 04 - PUNTO DE ACCESO ADICIONAL DE MATERIA--TÉRMINO DE MATERIA
Término de materia o nombre geográfico como elemento de entrada Alimentos
9 (RLIN) 1965
942 ## - ELEMENTOS DE ENTRADA SECUNDARIOS (KOHA)
Fuente del sistema de clasificación o colocación Clasificación Decimal Dewey
Tipo de ítem Koha
949 ## - PROCESAMIENTO DE INFORMACIÓN LOCAL (OCLC)
a 574.1M43 1
w DEWEY
c 1
i 74107
l CATALOGING
m BUL
p 10.55
r 0
s Y
t BOOK
u 2016-07-26
x SALUD
-- P31
0 COMPRA
o .STAFF. Colección General
949 ## - PROCESAMIENTO DE INFORMACIÓN LOCAL (OCLC)
a 574.1M43 2
w DEWEY
c 2
i 74108
l CATALOGING
m BUL
p 10.55
r 0
s Y
t BOOK
u 2016-07-26
x SALUD
-- P31
0 COMPRA
o .STAFF. Colección General
949 ## - PROCESAMIENTO DE INFORMACIÓN LOCAL (OCLC)
a 574.1M43 3
w DEWEY
c 3
i 74109
l CATALOGING
m BUL
p 10.55
r 0
s Y
t BOOK
u 2016-07-26
x SALUD
-- P31
0 COMPRA
o .STAFF. Colección General
994 ## -
-- C0
-- PEPRU
999 ## - NÚMEROS DE CONTROL DE SISTEMA (KOHA)
-- DEWEY
-- 74107
-- 2021-11-5
-- 5
-- CCODEBUL1
-- BUL
-- 10.55
-- 0
-- Y
-- BOOK
-- 2016-7-26
-- BIBLIOTECA
-- P31
-- COMPRA
-- .STAFF. Colección General
999 ## - NÚMEROS DE CONTROL DE SISTEMA (KOHA)
-- DEWEY
-- 74108
-- 2021-11-5
-- 5
-- CCODEBUL1
-- BUL
-- 10.55
-- 0
-- Y
-- BOOK
-- 2016-7-26
-- BIBLIOTECA
-- P31
-- COMPRA
-- .STAFF. Colección General
999 ## - NÚMEROS DE CONTROL DE SISTEMA (KOHA)
-- DEWEY
-- 74109
-- 2021-11-5
-- 5
-- CCODEBUL1
-- BUL
-- 10.55
-- 0
-- Y
-- BOOK
-- 2016-7-26
-- BIBLIOTECA
-- P31
-- COMPRA
-- .STAFF. Colección General
980 ## - EQUIVALENCIA O REFERENCIA-CRUZADA-MENCIÓN DE SERIE--NOMBRE DE PERSONA/TÍTULO [LOCAL, CANADÁ]
ID del último usuario que modificó el registro 1
Nombre del último usuario que modificó el registro ALBERTO SANCHEZ Responsable de Automatización
Existencias
Visto por última vez Número de inventario Total de préstamos Signatura topográfica completa Código de barras Copia número Coste, precio de reemplazo Fecha de reemplazo Facultad Tipo de ítem Koha Nota pública Estado de pérdida Fuente del sistema de clasificación o colocación Restricciones de uso No para préstamo Colección Programa académico Biblioteca de origen Biblioteca actual Ubicación en estantería Fecha de adquisición Fuente de adquisición Coste, precio normal de compra
2025-12-02 6   574.1 M2 74107 e1 15.55 2016-07-26 FACIHED Libros físicos inventario-2023-12-13 No Perdido Clasificación Decimal Dewey No restringido Disponible para préstamos Colección General Educación secundaria, especialidad ambiental, biología y química Biblioteca CRAI UPeU Lima Biblioteca CRAI UPeU Lima Sala principal 2016-07-26 COMPRA 10.55
2025-12-02 6   574.1 M2 74108 e2 15.55 2016-07-26 FACIHED Libros físicos inventario-2023-12-13 No Perdido Clasificación Decimal Dewey No restringido Disponible para préstamos Colección General Educación secundaria, especialidad ambiental, biología y química Biblioteca CRAI UPeU Lima Biblioteca CRAI UPeU Lima Sala principal 2016-07-26 COMPRA 10.55
2025-12-02 6   574.1 M2 74109 e3 15.55 2016-07-26 FACIHED Libros físicos inventario-2023-12-13 No Perdido Clasificación Decimal Dewey No restringido Disponible para préstamos Colección General Educación secundaria, especialidad ambiental, biología y química Biblioteca CRAI UPeU Lima Biblioteca CRAI UPeU Lima Sala principal 2016-07-26 COMPRA 10.55